000 00288nam a22001217a 4500
020 _a0-02-340500-7
082 _a683.8 GAR'M
100 _aBRASHER, R. E,GARRISON, C
_975038
245 _aMODERN HOUSEHOLD EQUIPMENT
260 _aNEWYORK
_bMACMILLAN
_c1982
300 _a452P
942 _cBK
999 _c580532
_d580532